000
00348nam a2200133 a 4500
005
20140412111418.0
008
070828s19uu xx 00 eng d
020
_a
1-7415-7603-2
050
_a
TR(PS E
_b
On2 2005
245
_a
Slide & learn: 123.
260
_a
China :
_b
Hinkler books,
_c
2005.
650
_a
Learn number sequences
999
_c
105922
_d
105922